Państwa świata kończące się na literę „Y” - Statystyki

Ogólne statystyki
  • Ten quiz został rozwiązany 1 337 razy
  • Średni wynik to 6 z 11
Statystyki odpowiedzi
Państwo % Poprawnych
Chiny
71%
Niemcy
67%
Włochy
66%
Czechy
62%
Malediwy
55%
Węgry
54%
Bahamy
53%
Filipiny
50%
Komory
49%
Saint Vincent i Grenadyny
30%
Sudan Południowy
24%
Nie znaleziono quizów pasujących do podanych kryteriów
Rozkład punktacji
Procent ludzi z każdym wynikiem
Percentyl według liczby udzielonych odpowiedzi
Twoja historia wyników
Nie rozwiązałeś tego quizu